Title in the Lyrics -- Songs That Start With O - Statistics

General Stats
  • This quiz has been taken 827 times
  • The average score is 7 of 15
Answer Stats
Lyrics Title % Correct
___ _________ had a farm / E-I-E-I-O / And on his farm he had a cow / E-I-E-I-O Old MacDonald
92%
Somewhere ____ ___ _______, way up high / There's a land that I've heard of once in a lullaby Over the Rainbow
85%
___ ___ __ _______ I'm gonna find ya / I'm gonna getcha getcha getcha getcha One Way Or Another
76%
___ ____! One heart! / Let's get together and feel all right One Love
67%
Want you to make me feel like I'm the ____ ____ __ ___ _____ / Like I'm the only one that you'll ever love / Like I'm the only one who knows your heart Only Girl In the World
64%
Just take those old records off the shelf / I'll sit and listen to 'em by myself / Today's music ain't got the same soul / I like that ___ ____ ____ ___ ____ Old Time Rock and Roll
46%
So I cross my heart and I hope to die / (Yeah) / That I'll only stay with you ___ ____ _____ / (Oh) / And I know I said it a million times / (Yeah) / But I'll only stay with you ___ ____ _____ One More Night
46%
So get out, get out, get out of my head / And fall into my arms instead / I don't, I don't, don't know what it is / But I need that ___ _____ One Thing
44%
________, where the wind comes sweepin' down the plain Oklahoma
36%
Much better than - a / Owner of a broken heart / _____ __ _ ______ _____ Owner of a Lonely Heart
34%
I'd like to be / Under the sea / In an _________ ______ / In the shade Octopus's Garden
33%
You're my one love, my one heart, my one life for sure / Let me tell you ___ ____ / (Girl I love, girl I love you) One Time
18%
Stranger things could never change my mind / I've got to take it on the _________ / Take it on the _________ / Take it on / Take it on Otherside
16%
Oo, loneliness will blind you / In between the wrong and the right / Oo, coming right behind you / Swear I'm gonna find you / ___ __ _____ ______ One of These Nights
8%
Waitin' for the train that goes home, sweet Mary / Hopin' that the train is on time / Sittin' downtown in a railway station / ___ ____ ____ __ ____ One Toke Over the Line
4%
No matching quizzes found
Score Distribution
Percent of People with Each Score
Percentile by Number Answered
Your Score History
You have not taken this quiz